Ley de Bases de Régimen Local : exposición de motivos y proyecto exposición de motivos y proyecto
Descripción Física:
90 f. ; 30 cm
Colección:
Administració ; 1
MARC
| LEADER | 00000nam a2200000Ia 4500 | ||
|---|---|---|---|
| 001 | 8889 | ||
| 008 | 160829s1981 xx 000 0 cat d | ||
| 080 | |a D-1-12 | ||
| 245 | |a Ley de Bases de Régimen Local : |b exposición de motivos y proyecto | ||
| 260 | |a Barcelona : |b Servei de Premsa de la Diputació de Barcelona, |c 1981 | ||
| 300 | |a 90 f. ; |c 30 cm | ||
| 490 | |a Administració ; 1 | ||
| 650 | 0 | |a Administració local |x Dret i legislació |9 31521 | |
| 650 | |a Espanya. Lleis, decrets, etc. |9 31465 | ||
| 710 | 1 | |a Barcelona (Catalunya : Província). |b Servei de Premsa |9 54967 | |
| 901 | |a Arxiu | ||
| 942 | |n 1 | ||
| 952 | |0 0 |1 0 |4 0 |6 D112 |7 1 |9 45559 |a Arxiu |b Arxiu |d 2016-12-01 |l 0 |o D-1-12 |p 8889 |r 2016-12-01 00:00:00 |w 2016-12-01 |y ARXIU | ||
| 999 | |c 48727 |d 48727 | ||